01259nam a2200349 a 4500008004100000020001400041041000800055092002100063100003200084245009100116250003600207260003700243300001600280500012100296590004500417653001600462653001000478653004100488653001100529653003300540653001100573653001700584653001800601653001700619653001100636653001100647653002800658653001500686942001200701999001500713952018100728211220s1988 a a |fr|||| 001 0 spa d a950020058 aspa c616.0757l4sARM1 aArmstrong, Michael L.932394 aLos electrocardiogramas.bMétodo sistémico para su lectura /cMichael L. Armstrong a5ta ed.bPrólogo Serge Barold aBuenos Aires:bEl Ateneo;c1988. a275 p.bIl. aArmstrong, M. L. (1988). Los electrocardiogramas. Método sistemático para su lectura. (5a ed.). Madrid : Mosby.  aDonación Rosso, Elena. Diciembre 2021. aFrecuencia  aRitmo aPosición eléctrica del corazón aOnda P aIntervalo P-R y segmento P-R aOnda Q aComplejo QRS aIntervalo Q-T aSegmento S-T aOnda T aOnda S aMarcapasos artificiales aArtificios 2ddccBK c3115d3115 00102ddc40708NFICaBFMbBFMcCRd2021-12-20eDonación Rosso, Elenal0o 616.0757 4 ARMp4685r2021-12-20tEj. 1w2021-12-20yBKzDonación, Rosso Elena. Diciembre 2021f